[Event "32nd Reykjavik Open 2017"]
[Site "Reykjavik"]
[Date "2017.04.19"]
[Round "1"]
[White "Almasi, Zoltan"]
[Black "Yu, Jonathan"]
[Result "1-0"]
[WhiteElo "2696"]
[BlackElo "2073"]
[Annotator "TA"]
[PlyCount "107"]
[EventDate "2017.??.??"]
[EventType "swiss"]
[EventCountry "ISL"]
[SourceTitle "playchess.com"]
[Source "ChessBase"]
[SourceQuality "1"]

{[%evp 19,107,22,20,-25,-34,-27,0,-16,13,-14,20,22,22,22,19,11,40,42,61,64,69,66,62,60,71,71,72,71,72,74,75,75,78,78,99,99,99,99,99,99,99,99,152,129,153,134,153,143,145,147,150,143,143,140,125,110,110,117,125,125,125,119,131,92,236,236,237,207,227,210,183,213,250,240,222,65,98,145,188,229,237,199,184,83,310,316,470,454,29978,29980]} 1. Nf3 e6 2. g3 Nf6 3. Bg2 d5 4. O-O Be7 5. c4 O-O 6. b3 c5 7. cxd5 exd5 8. Bb2 Nc6 9. d4 Ne4 10. dxc5 Bxc5 {LiveBook: 61 Games} 11. Ba3 $146 {D30: Queen's Gambit Declined: Systems without Nc3} (11. e3 Qe7 12. Nc3 Rd8 13. Qc1 Be6 14. Qc2 Nxc3 15. Bxc3 d4 16. exd4 Nxd4 17. Nxd4 Bxd4 18. Bxd4 Rxd4 {½-½ (41) Artemiev,V (2673)-Gasanov,E (2488) Moscow 2016}) 11... Bxa3 12. Nxa3 Bg4 13. Nc2 {The position is equal.} Bxf3 (13... Re8 $5 {creates asymmetry.} 14. Qd3 Bh5 15. Nfd4 Ne5 16. Qd1 Qb6) 14. Bxf3 Qa5 15. b4 Nxb4 16. Nxb4 Qxb4 17. Qxd5 {And now Rab1 would win.} Nd2 18. Qxb7 Rab8 19. Qxb4 ({Reject} 19. Qxa7 Nxf1 20. Rxf1 (20. Kxf1 Qc3 21. Rd1 Qc2 $11) 20... Rbd8 $11) 19... Rxb4 20. Rfd1 Nxf3+ 21. exf3 $14 {[%mdl 4096] Endgame KRR-KRR} Ra4 22. Rd3 g6 23. a3 Rb8 24. Rc1 Rb7 25. Rc5 h5 26. h4 Kg7 27. f4 a6 28. f5 Rb5 29. Rxb5 $1 axb5 30. fxg6 fxg6 $16 {KR-KR} (30... Kxg6 $142 31. Kg2 Ra5) 31. Rb3 $1 Kf6 32. Kf1 Ra5 33. Ke2 Ke5 34. Kd3 Kd5 35. Kc2 Kc5 36. Rc3+ Kd5 37. Kb3 Ra4 38. Rf3 Re4 39. Rd3+ Kc5 40. Re3 Rd4 41. Re5+ Kc6 (41... Kb6 $16) 42. Rg5 $18 Rd6 43. Kb4 Rd4+ 44. Kc3 Rd6 45. f4 Kb6 {[#]} 46. f5 $1 {[%cal Rf5g6]} gxf5 47. Rxf5 $2 (47. Rxh5 $18 Rf6 48. Kd4) 47... Rc6+ 48. Kd3 Rc4 49. Rxh5 Ra4 {[#]} 50. Rg5 $1 Rxa3+ 51. Kc2 (51. Kd4 $18 {and White stays clearly on top.}) 51... Kc6 $2 (51... Ra2+ $16 52. Kc3 Ra1) 52. h5 {[%cal Bh4h5,Bh5h6][%mdl 32]} Kd6 (52... Ra2+ $142 53. Kd3 Rh2) 53. g4 (53. Rxb5 Rxg3 54. Kd2 Ke6 $11) 53... Rg3 (53... Rh3 $18 54. Rxb5 Ke6) 54. h6 ({Inferior is} 54. Rxb5 Rxg4 55. Rb7 Ke6 $11) 1-0

[Event "32nd Reykjavik Open 2017"]
[Site "Reykjavik"]
[Date "2017.04.19"]
[Round "1"]
[White "Movsesian, Sergei"]
[Black "Savage, Allan G"]
[Result "1-0"]
[WhiteElo "2677"]
[BlackElo "2067"]
[Annotator "TA"]
[PlyCount "139"]
[EventDate "2017.??.??"]
[EventType "swiss"]
[EventCountry "ISL"]
[SourceTitle "playchess.com"]
[Source "ChessBase"]
[SourceQuality "1"]

{[%evp 10,139,60,73,58,61,72,47,53,36,48,50,51,13,49,21,85,75,80,68,61,37,44,42,51,0,0,0,0,-2,13,41,97,97,90,80,157,104,104,0,37,41,43,33,39,52,26,11,18,12,22,0,0,0,27,19,34,31,25,27,55,25,43,37,39,10,59,29,60,45,79,72,77,31,31,28,45,29,36,22,147,134,139,141,139,70,139,140,151,132,174,132,602,514,905,1189,1466,1351,1814,1829,1674,683,1031,1716,1702,1635,1405,1320,29963,29963,5493,29954,29956,2360,5501,2958,1975,1711,2179,1153,29971,29967,29972,29973,29973,29974,29975,29976,29986,29987,29987,29986]} 1. e4 g6 2. d4 Bg7 3. Nc3 c5 4. Be3 Qa5 5. Nf3 Nf6 6. Qd2 (6. dxc5 $6 Nxe4 7. Bd4 Nxc3 8. bxc3 O-O $11) 6... cxd4 {B27: Sicilian: 2 Nf3, unusual Black 2nd moves} 7. Nxd4 Nc6 8. Nb3 Qc7 {White is slightly better.} 9. O-O-O (9. f3 d6 10. O-O-O Be6 11. Nd5 Bxd5 12. exd5 Ne5 13. Qa5 {0-1 (71) Vovk,A (2567)-Epishin,V (2602) Bayerisch Eisenstein 2013}) 9... O-O 10. Be2 d6 11. Bh6 Be6 12. Kb1 $146 (12. Bxg7 Kxg7 13. Nd5 Bxd5 14. exd5 Ne5 15. f4 Nc4 16. Qd4 Rfc8 17. c3 {0-1 (30) Rouffignac,T (2275)-Chabanon,J (2480) Paris 2015}) 12... Ne5 (12... Bxh6 $11 {remains equal.} 13. Qxh6 Qb6) 13. Bxg7 $16 Kxg7 14. f4 Nc4 15. Qd4 {f5! is the strong threat.} Rfc8 16. Rhf1 ({Of course not} 16. Nb5 Qc6 17. Bxc4 (17. Nxa7 $2 Qa4 18. Rhf1 Rxa7 $19) 17... Qxc4 $15) 16... Kg8 17. h3 (17. Bd3 $14) 17... Na3+ $11 18. Kc1 $1 a6 19. Rf2 Nb5 20. Bxb5 Bxb3 (20... axb5 $14 21. a3 (21. Nxb5 Qd7 22. Nc3 Rxc3 23. bxc3 Ra4 $11) 21... Nd7) 21. Bf1 Be6 22. g4 Qc5 ({Black should play} 22... Qa5) 23. g5 (23. f5 $142 $1) 23... Nd7 $16 {[#]} 24. Bg2 (24. f5 $1 $16 {[%mdl 512]}) 24... Qxd4 25. Rxd4 Rc5 26. Na4 Rc4 27. Rxc4 Bxc4 28. Rd2 Bb5 ({Don't go for} 28... Bxa2 $2 29. b3 $18 (29. e5 Be6 $14)) 29. Nc3 Bc6 30. a4 Nc5 31. a5 Ne6 32. Rf2 Rc8 33. Kd2 Nc5 34. Ke3 Na4 35. Nd1 Kf8 36. b3 Nc5 37. Nb2 Rd8 38. Rd2 Rc8 39. h4 Rc7 40. Nc4 Nd7 41. Na3 Nb8 42. c4 Bd7 43. e5 dxe5 44. fxe5 Nc6 (44... Ke8 $11 {keeps the balance.}) 45. Bxc6 $1 Bxc6 {[%mdl 4096] Endgame KRB-KRN} 46. Rd8+ Kg7 47. b4 ({White should try} 47. Nc2 $16) 47... Rd7 ({Better is} 47... Bg2 $14) 48. Rxd7 Bxd7 {KB-KN} 49. Nc2 f6 {[#]} 50. Nd4 $1 fxg5 $2 {[%mdl 8192]} (50... Kf7 $16) 51. e6 $18 Bc8 (51... Ba4 $142 52. hxg5 Kg8) 52. hxg5 h5 53. Kf4 Kf8 54. Ke5 Kg7 55. Nf3 (55. Ne2 $142 Kh7 56. Nf4) 55... Kf8 56. Nh4 (56. Kd5 $142 Kg7 57. Nh4) 56... Kg7 57. Ng2 Kf8 58. b5 {[%cal Bb4b5,Bb5b6][%mdl 32]} Kg7 59. b6 Kf8 60. Nh4 (60. c5 $18 Ke8 61. Kd5) 60... Kg7 61. Nf3 (61. Kd5 $142 Kh7 62. c5 Kg7 63. Ke5 Kh7 64. Kd5 Kg7 65. Ke5 Kh7 66. Kd5) 61... Kf8 62. Nd4 Kg7 63. c5 {[%cal Bc4c5,Bc5c6][%mdl 32]} Kf8 64. c6 Ke8 65. Nb3 {White mates.} h4 66. Kf4 bxc6 67. Nc5 Kd8 68. Kg4 Bxe6+ 69. Nxe6+ Kc8 70. Kxh4 1-0

[Event "32nd Reykjavik Open 2017"]
[Site "Reykjavik"]
[Date "2017.04.19"]
[Round "1"]
[White "Vidit, Santosh Gujrathi"]
[Black "Birkisson, Bjorn Holm"]
[Result "1-0"]
[WhiteElo "2670"]
[BlackElo "2057"]
[Annotator "TA"]
[PlyCount "97"]
[EventDate "2017.??.??"]
[EventType "swiss"]
[EventCountry "ISL"]
[SourceTitle "playchess.com"]
[Source "ChessBase"]
[SourceQuality "1"]

{[%evp 19,97,8,10,2,36,0,26,21,51,59,43,29,25,12,14,25,49,37,52,29,100,49,64,18,195,185,177,140,251,243,229,239,241,225,240,247,363,308,308,308,308,308,308,308,328,319,368,352,403,403,403,403,395,395,395,395,449,449,442,436,439,422,441,436,617,614,567,540,776,760,925,885,820,1113,854,711,5899,5740,29978,29979]} 1. d4 d5 2. c4 e6 3. Nc3 Nf6 4. cxd5 exd5 5. Bg5 Be7 6. e3 c6 7. Bd3 O-O 8. Qc2 Nbd7 9. h3 Re8 10. Nge2 Nf8 11. O-O {D36: Queen's Gambit Declined: Exchange Variation: Main line (5 Bg5 c6 6 Qc2)} (11. O-O-O a5 12. Kb1 b5 13. Ng3 a4 14. Nce2 Ra6 15. f3 h6 16. Bxf6 Bxf6 17. e4 dxe4 18. fxe4 Be6 19. e5 Be7 {½-½ (36) Dreev,A (2694)-Jussupow,A (2586) Switzerland 2011}) 11... Bd7 12. Ng3 $146 (12. Bxf6 Bxf6 13. b4 Rc8 14. Qb3 Qc7 15. Rac1 Qd6 16. b5 Red8 17. bxc6 Bxc6 18. Bb5 Qd7 {1-0 (62) Jussupow,A (1943)-Marx,J (1419) Willingen 2005}) 12... h6 13. Bf4 {White has an edge.} Rc8 14. Be5 c5 15. Rad1 c4 $1 {[%cal Rc4d3]} 16. Bf5 g6 $1 17. Bxd7 Qxd7 18. e4 dxe4 (18... Ne6 19. Bxf6 Bxf6 20. Nxd5 $16) 19. Ngxe4 N8h7 (19... Nxe4 $11 {remains equal.} 20. Qxe4 (20. Nxe4 Qd8 $14) 20... Rcd8) 20. Rfe1 (20. Nxf6+ $16 Bxf6 21. f4) 20... b5 21. d5 b4 $2 (21... Bd8 $1 $11 22. Bd4 b4) 22. d6 $36 {[%mdl 2048] White is in control.} Bd8 23. Bxf6 Nxf6 (23... Bxf6 $16 24. Nd5 Bd8) 24. Nxf6+ Bxf6 25. Rxe8+ Rxe8 26. Ne4 Bxb2 27. Qxc4 ({Not} 27. Qxb2 Rxe4 28. Qxb4 Re6 $11) 27... a5 (27... Rd8 {keeps fighting.} 28. Qxb4 Qc6 29. Qxb2 Qxe4) 28. Nc5 Qc6 29. d7 Rd8 {[#]} 30. Qd5 $1 {[%cal Rd5c6]} Qxd5 31. Rxd5 {[%mdl 4096] Endgame KRB-KRN} Bf6 32. Nb7 Rb8 33. Nxa5 Ra8 34. Nc6 Rxa2 35. d8=Q+ ({Don't play} 35. Nxb4 Ra8 36. Nc6 Bd8 $18) 35... Bxd8 36. Rxd8+ {KRN-KR} Kg7 37. Nxb4 Ra7 38. g3 Rb7 39. Rd4 Ra7 40. Kg2 Rc7 41. h4 Ra7 (41... Re7 $142 42. Kf3 Re6) 42. Nc6 Rc7 43. Rd6 Rb7 44. Ne5 Re7 45. f4 {[%cal Bf2f4,Bf4f5][%mdl 32]} Re8 46. Rd7 Rf8 47. Kf3 h5 {[#]} 48. f5 $1 Kf6 (48... gxf5 49. Kf4) 49. Kf4 1-0

[Event "32nd Reykjavik Open 2017"]
[Site "Reykjavik"]
[Date "2017.04.19"]
[Round "1"]
[White "Grandelius, Nils"]
[Black "Tunge, Christian"]
[Result "1-0"]
[WhiteElo "2641"]
[BlackElo "2055"]
[Annotator "TA"]
[PlyCount "73"]
[EventDate "2017.??.??"]
[EventType "swiss"]
[EventCountry "ISL"]
[SourceTitle "playchess.com"]
[Source "ChessBase"]
[SourceQuality "1"]

{[%evp 13,73,15,24,29,26,30,30,30,34,-11,128,135,166,171,229,231,233,231,224,230,229,228,242,237,235,225,290,297,289,283,275,271,315,311,314,282,334,330,307,321,301,279,429,422,436,448,453,404,479,487,504,504,633,624,767,716,824,651,955,816,877,866]} 1. Nf3 Nf6 2. c4 g6 3. Nc3 d5 4. cxd5 Nxd5 5. g3 Bg7 6. Bg2 O-O 7. h4 h6 8. O-O {A16: English Opening: 1...Nf6 with ...d5} e5 $146 (8... c5 9. Nxd5 Qxd5 10. d4 cxd4 11. Be3 d3 12. Ne1 Qd6 13. Nxd3 Nc6 14. Rc1 Nd4 15. Re1 Rd8 {0-1 (46) Grandelius,N (2645)-Gupta,A (2634) Reykjavik 2016}) 9. Nxd5 Qxd5 10. d3 {White has an edge.} c6 11. h5 Nd7 (11... e4 $11 {remains equal.} 12. Nd2 Qxh5) 12. hxg6 $16 fxg6 {[#]} 13. Ng5 $1 Qd6 (13... Qc5 {was called for.}) 14. Qb3+ $18 Kh8 15. Nf7+ Rxf7 16. Qxf7 Nf8 17. Be3 Qe6 18. Qxe6 Nxe6 19. Rac1 Nd4 20. Bxd4 exd4 21. b4 a6 22. a4 Bg4 23. Bf3 Bh3 24. Rfe1 Rb8 {[#]} 25. b5 $1 axb5 26. axb5 cxb5 27. Rc7 Be5 (27... b4 $142 28. Rb1 (28. Bxb7 Be5 29. Rf7 Be6 $18) 28... Bf8) 28. Rc5 ({Weaker is} 28. Rxb7 Rxb7 29. Bxb7 b4 $18) 28... Bd6 29. Rxb5 b6 30. Rc1 Bf5 31. Be4 {White is clearly winning.} Bxe4 32. dxe4 {KRR-KRB} Re8 33. Rxb6 Ba3 34. Rc7 Rg8 35. Rd7 Bf8 36. Rc6 Bg7 37. Rxg6 1-0

[Event "32nd Reykjavik Open 2017"]
[Site "Reykjavik"]
[Date "2017.04.19"]
[Round "1"]
[White "Yilmaz, Mustafa"]
[Black "Arnarsson, Hrannar"]
[Result "1-0"]
[WhiteElo "2614"]
[BlackElo "2046"]
[Annotator "TA"]
[PlyCount "49"]
[EventDate "2017.??.??"]
[EventType "swiss"]
[EventCountry "ISL"]
[SourceTitle "playchess.com"]
[Source "ChessBase"]
[SourceQuality "1"]

{[%evp 14,49,11,4,44,51,57,55,102,99,107,95,101,109,89,102,97,101,99,82,116,94,124,101,100,97,115,115,183,183,173,173,297,289,726,593,756,737]} 1. d4 Nf6 2. c4 e6 3. Nf3 Bb4+ 4. Nbd2 O-O 5. g3 b6 6. Bg2 Bb7 7. O-O d5 8. Ne5 Bxd2 {E16: Queen's Indian: 4 g3 Bb7 5 Bg2 Bb4+} (8... Nbd7 9. Qa4 Bd6 10. Nxd7 Qxd7 11. Qxd7 Nxd7 12. cxd5 Bxd5 13. e4 Bb7 14. Rd1 Be7 15. Nc4 Nf6 16. f3 c5 17. dxc5 Bxc5+ 18. Be3 Bxe3+ 19. Nxe3 Rfd8 20. Rxd8+ Rxd8 21. Rd1 Rxd1+ 22. Nxd1 e5 {½-½ (22) Bluebaum,M (2632)-Yu,Y (2738) Moscow 2017}) 9. Bxd2 Nbd7 $146 (9... Ne4 10. cxd5 exd5 11. Rc1 f6 12. Nd3 Nc6 13. e3 {½-½ (13) Murshed,N (2460)-Mohammad,M (2422) Dhaka 2014}) 10. Bg5 h6 {[#]White is slightly better.} 11. Nxd7 $1 Qxd7 12. Bxf6 $1 gxf6 13. cxd5 Bxd5 14. e4 Bb7 15. Rc1 c6 16. Qg4+ Kh7 17. Rfd1 $36 {[%mdl 2048] White is in control.} Rac8 18. Qh4 Qd8 19. Rc3 c5 20. d5 exd5 (20... Rc7 $16 21. d6 Rd7) 21. exd5 $18 {Hoping for Be4+.} f5 22. Qa4 a6 (22... Qd6 $142 23. Qxa7 Rb8) 23. Bh3 Rc7 $2 {[#]} (23... Qf6 24. Qd7 Rb8 25. Qxf5+ (25. Bxf5+ Kg7 $18) 25... Qxf5 26. Bxf5+ Kg7) 24. Bxf5+ Kh8 25. Qf4 1-0

[Event "32nd Reykjavik Open 2017"]
[Site "Reykjavik"]
[Date "2017.04.19"]
[Round "1"]
[White "Gupta, Abhijeet"]
[Black "Bergsson, Stefan"]
[Result "1-0"]
[WhiteElo "2607"]
[BlackElo "2031"]
[Annotator "TA"]
[PlyCount "55"]
[EventDate "2017.??.??"]
[EventType "swiss"]
[EventCountry "ISL"]
[SourceTitle "playchess.com"]
[Source "ChessBase"]
[SourceQuality "1"]

{[%evp 12,55,38,38,68,56,92,87,156,104,101,86,138,123,142,71,130,124,137,83,79,52,71,34,66,30,31,31,31,29,92,81,113,116,565,556,669,641,594,463,483,479,482,474,429,466]} 1. d4 Nf6 2. Bf4 c5 3. e3 g6 4. Nf3 Bg7 5. Nbd2 d5 {A48: 1 d4 Nf6 2 Nf3 g6: Torre, London and Colle Systems} 6. c3 Nc6 7. dxc5 {LiveBook: 12 Games} Nd7 {White is slightly better.} 8. Nb3 e5 9. Bg3 a5 $146 (9... e4 $142) (9... Ne7 10. Bb5 Qc7 11. O-O a6 12. Be2 O-O {1-0 (55) Yemelin,V (2570)-Demir,B (2160) Bad Wiessee 2009}) 10. a4 ({White should try} 10. Qxd5 O-O 11. Bb5) 10... Ndb8 $16 11. e4 Be6 (11... dxe4 $142 12. Qxd8+ Kxd8) 12. exd5 Qxd5 13. Nbd2 (13. Qxd5 $142 Bxd5 14. Nfd2) 13... O-O (13... Na6 $142) 14. Bc4 Qd7 15. O-O ({White should play} 15. Qb3) 15... Na6 16. Bb5 Rfd8 17. Ne4 Bd5 18. Nd6 Nxc5 19. Qxd5 Qxd6 20. Qc4 $36 {[%mdl 2048] White fights for an advantage.} Rac8 (20... Qd5 $11) 21. Ng5 Rc7 22. f4 {fxe5 is the strong threat.} Nd3 $2 {[%mdl 8192] [#]} (22... Ne6 $16 {is tougher.}) 23. Nxf7 $1 $18 {[%mdl 512] White is clearly winning.} Rxf7 {[#]} 24. Qxf7+ $1 {[%mdl 512]} Kh8 (24... Kxf7 25. fxe5+) 25. Qxb7 exf4 26. Qxc6 Qxc6 27. Bxc6 fxg3 28. Rad1 ({Weaker is} 28. hxg3 Nxb2 29. Rac1 Nc4 $18) 1-0

[Event "32nd Reykjavik Open 2017"]
[Site "Reykjavik"]
[Date "2017.04.19"]
[Round "1"]
[White "Van Foreest, Jorden"]
[Black "Harding, Tim D"]
[Result "1-0"]
[WhiteElo "2584"]
[BlackElo "2017"]
[Annotator "TA"]
[PlyCount "61"]
[EventDate "2017.??.??"]
[EventType "swiss"]
[EventCountry "ISL"]
[SourceTitle "playchess.com"]
[Source "ChessBase"]
[SourceQuality "1"]

{[%evp 14,61,48,35,37,41,40,39,40,40,45,34,43,15,33,20,22,0,0,0,0,0,0,-26,-22,-39,-40,-51,0,0,0,0,37,-60,-62,-52,-60,-80,0,-54,-70,-256,271,-156,151,146,121,133,893,872]} 1. e4 e6 2. d4 d5 3. Nc3 dxe4 4. Nxe4 Nd7 5. Nf3 Be7 6. Bd3 Ngf6 7. Nxf6+ Bxf6 8. c3 {LiveBook: 16 Games. C10: French with 3 Nc3: Unusual Black 3rd moves and 3...dxe4} (8. O-O O-O 9. c3 c5 10. Qc2 g6 11. Bf4 cxd4 12. cxd4 Nb6 13. Be4 Nd5 14. Be5 Bg7 15. Rac1 Bh6 16. Rcd1 b6 17. Qc6 {½-½ (17) Ter Sahakyan,S (2582)-Martirosyan,H (2516) Yerevan 2017}) 8... b6 9. Be4 Rb8 10. O-O {White is slightly better.} Bb7 11. Bxb7 $146 (11. Bc2 O-O 12. Re1 c5 13. Qd3 g6 14. Bh6 Re8 15. Rad1 Bxf3 16. Qxf3 cxd4 17. cxd4 {1-0 (48) Rudnicki,M (2047)-Jewulski,K (2193) Koszalin 2001}) 11... Rxb7 12. Bf4 O-O 13. Qe2 Qc8 14. Ne5 Nxe5 15. dxe5 Be7 16. Rad1 c6 17. Rd3 Rd8 18. Rh3 {Black should prevent Qh5.} g6 $1 19. c4 Rbd7 20. b3 Rd4 (20... Qc7 $15) 21. Be3 $11 Re4 22. Qf3 Rxe5 23. Rxh7 ({White should play} 23. Qf4 $1 $14 f6 24. Qh6) 23... Rf5 $1 $15 {[%cal Rf5f3]} 24. Qh3 Bf6 25. g4 Re5 (25... Ra5 $17 {Hoping for ...Rd3.} 26. Qf3 Bg7) 26. Qh6 (26. Qf3 $1 $11 Bg7 27. Rh3) 26... Re4 $1 27. h3 $2 (27. g5 $1 $15 Be5 28. Qh3 (28. f4 Qc7 29. Bc1 Qd6 $19)) 27... Qc7 $4 {[%mdl 8192] [#]} (27... Rd3 $19 {avoids the disaster. ...Qf8 is the strong threat.} 28. Re1 Qd8) 28. Bg5 $2 ({White must play} 28. Qxg6+ $1 $18 {[%mdl 512]} fxg6 29. Rxc7) 28... Bd4 $2 {[#]} (28... Qe5 $17 {keeps the pressure on.} 29. Rh8+ Bxh8 30. Bxd8 Re2) 29. Qxg6+ $1 $16 {[%mdl 512]} (29. Bxd8 Qxd8 30. Kh1 Qb8 $17) 29... fxg6 30. Rxc7 Re2 $2 {[%mdl 8192]} (30... Rf8 $16 31. Rxc6 (31. Rxa7 Re2 $16) 31... Re2) 31. Bxd8 1-0

[Event "32nd Reykjavik Open 2017"]
[Site "Reykjavik"]
[Date "2017.04.19"]
[Round "1"]
[White "Stefansson, Hannes"]
[Black "Thorsteinsdottir, Gudlaug"]
[Result "1-0"]
[WhiteElo "2566"]
[BlackElo "2013"]
[Annotator "TA"]
[PlyCount "68"]
[EventDate "2017.??.??"]
[EventType "swiss"]
[EventCountry "ISL"]
[SourceTitle "playchess.com"]
[Source "ChessBase"]
[SourceQuality "1"]

{[%evp 20,68,71,47,69,50,53,26,70,45,73,81,76,64,70,75,83,72,72,85,69,75,109,97,220,220,242,234,283,244,256,251,408,280,511,504,442,385,385,385,670,669,652,652,802,744,953,650,590,575,5485]} 1. e4 c5 2. Nf3 e6 3. d4 cxd4 4. Nxd4 a6 5. Bd3 Qc7 6. O-O Nf6 7. Qe2 d6 8. c4 g6 9. Nc3 Bg7 10. Rd1 O-O 11. Nf3 Nbd7 {B42: Sicilian: Kan Variation: 5 Bd3} (11... Nc6 12. Bf4 e5 13. Be3 Bg4 14. Rac1 Nd4 15. Bxd4 exd4 16. Nd5 Nxd5 17. cxd5 Qb6 {½-½ (17) Leko,P (2707)-Vallejo Pons,F (2684) Berlin 2015}) 12. h3 b6 13. Bf4 Ne5 {White has an edge.} 14. Rac1 Bb7 15. Nxe5 dxe5 16. Be3 Nd7 17. b4 {[%cal Bb2b4,Bb4c5,Bc5b6][%mdl 32]} Rfd8 18. Na4 Bf8 19. c5 bxc5 20. bxc5 Bc6 $146 21. Nb6 Nxb6 (21... Rab8 $16 {is a better defense.}) 22. cxb6 $18 Qb7 23. Rc4 Bd6 24. a4 a5 25. Rdc1 Be8 $2 {[#]} (25... Rdc8 26. Qb2 f6) 26. Qb2 Rdc8 $2 (26... Rdb8 27. Qb3 Qe7) 27. Rxc8 Rxc8 28. Rxc8 Qxc8 29. Bb5 (29. b7 Qb8 30. Qb6 Bxa4 $16) 29... f5 $2 {[#]} (29... Bc6 30. Qd2 Qd7 31. Qxa5 Bxb5) 30. Bxe8 {White is clearly winning.} Qxe8 31. b7 Bb8 32. Qb6 Qd7 33. Qa6 Kf7 34. Ba7 ({Weaker is} 34. Qxa5 Qxb7 35. Qd8 Ba7 $16) 34... Qd8 1-0

[Event "32nd Reykjavik Open 2017"]
[Site "Reykjavik"]
[Date "2017.04.19"]
[Round "1"]
[White "Donchenko, Alexander"]
[Black "Runarsson, Gunnar"]
[Result "1-0"]
[WhiteElo "2554"]
[BlackElo "2006"]
[Annotator "TA"]
[PlyCount "73"]
[EventDate "2017.??.??"]
[EventType "swiss"]
[EventCountry "ISL"]
[SourceTitle "playchess.com"]
[Source "ChessBase"]
[SourceQuality "1"]

{[%evp 18,73,79,72,72,72,72,72,72,75,72,56,76,61,129,140,143,140,129,136,166,131,315,314,302,316,280,278,343,292,674,656,796,798,780,776,1046,1039,1113,1101,1072,992,1183,1200,1356,1234,1837,1803,2368,2339,2225,2158,29991,29992,29994,29995,29998,29999]} 1. Nf3 Nf6 2. c4 g6 3. Nc3 c5 4. d4 cxd4 5. Nxd4 Bg7 6. e4 d6 7. Be2 O-O 8. Be3 Nbd7 9. O-O a6 10. Qd2 Nc5 {A31: Symmetrical English: 2 Nf3 Nf6 3 d4} 11. f3 Bd7 12. Rac1 Rc8 {White is better.} 13. Rfe1 Re8 14. Bf1 Qc7 $146 (14... Ne6 15. Nb3 Bc6 16. Nd5 {1-0 (46) Eingorn,V (2589)-Mahdy,K (2362) Oberwart 2001}) 15. b4 Ne6 (15... Na4 $1 $14) 16. Nb3 $16 Qb8 17. a4 {[%cal Ba2a4,Ba4a5][%mdl 32]} Nh5 18. a5 Be5 19. g3 f5 $2 {[#]} (19... Nf6 $16 {might work better.} 20. Bd3 Bc6) 20. exf5 $18 gxf5 21. Nd5 Kh8 22. f4 Bg7 23. Bf2 b5 $2 (23... Rcd8 24. Bh3 Nf6) 24. axb6 Nf6 25. Nxf6 Bxf6 26. c5 {[%cal Bc4c5,Bc5c6,Bc6c7][%mdl 32]} Ng7 27. Bxa6 Be6 28. Rxe6 Nxe6 29. Bxc8 Rxc8 30. c6 Rg8 31. c7 Qb7 32. Na5 Qa6 33. b7 Nxc7 34. Rxc7 e5 35. fxe5 {White mates.} Bg5 {[#]} 36. exd6 $1 {[%mdl 512]} Bxd2 37. Bd4+ 1-0

[Event "32nd Reykjavik Open 2017"]
[Site "Reykjavik"]
[Date "2017.04.19"]
[Round "1"]
[White "Blomqvist, Erik"]
[Black "Olafsson, Smari"]
[Result "1-0"]
[WhiteElo "2548"]
[BlackElo "1998"]
[Annotator "TA"]
[PlyCount "39"]
[EventDate "2017.??.??"]
[EventType "swiss"]
[EventCountry "ISL"]
[SourceTitle "playchess.com"]
[Source "ChessBase"]
[SourceQuality "1"]

{[%evp 22,39,31,12,53,52,316,306,508,491,489,482,1240,1223,1209,781,1202,1145,29990,2239]} 1. Nf3 d5 2. g3 Nf6 3. Bg2 e6 4. O-O Be7 5. c4 O-O 6. d4 Nbd7 7. Qc2 c6 8. Nbd2 b6 9. e4 dxe4 10. Nxe4 Bb7 11. Rd1 Qc8 12. Nc3 {LiveBook: 8 Games. E09: Closed Catalan: Main Line: 7 Qc2 c6 8 Nbd2} Bd6 (12... b5 13. c5 b4 14. Ne2 Nd5 15. Bg5 f6 16. Bd2 Re8 17. Nf4 Nxf4 18. Bxf4 Nf8 19. Nd2 Ng6 {1-0 (35) Dizdarevic,E (2546)-Kastelic,M (2342) Petrovac 2015}) 13. Ng5 e5 $146 {[%mdl 8192] [#]} (13... Bc7 $14) (13... h6 14. Nge4 Be7 15. Bf4 Nxe4 16. Nxe4 Rd8 17. Bd6 Bxd6 18. Nxd6 Qc7 19. Nxb7 Qxb7 {1-0 (39) Roktim,B (2345)-Deepan Chakkravarthy,J (2396) Visakhapatnam 2004}) 14. Bh3 $1 $18 {[%cal Rh3d7] White has a decisive advantage.} Rd8 $2 (14... h6 {is a better defense.}) 15. Nce4 Qc7 16. Bxd7 Rxd7 (16... Nxd7 $142 17. Nxd6 Qxd6 18. Qxh7+ Kf8) 17. Nxf6+ gxf6 18. Qxh7+ Kf8 19. Ne4 exd4 20. Nxf6 (20. Qh8+ $142 Ke7 21. Qxf6+ Ke8 22. Qh8+ Bf8 23. Nf6+ Ke7 24. Re1+ Qe5 25. Rxe5+ Kd8 26. Bf4 Kc7 27. Re7+ Kc8 28. Re8+ Rd8 29. Qh3#) 1-0